000 00426nam a2200169Ia 4500
005 20250423100525.0
008 250422s9999 xx 000 0 und d
020 _a0- 03- 049491- 5
050 _aQC 21.2 .M3643/
100 _aJerry B. Marion
245 0 _aPhysics for science and engineering : Part 2
260 _aPhiladelphia
260 _bSaunders College Publ.
260 _c1982
300 _a1274 p
942 _cBK
999 _c33567
_d33567